书目信息 |
| 题名: |
马克思主义实践论与邓小平理论的哲学基础
|
|
| 作者: | 胡福明 , 陆剑杰 , 张一兵 主编 | |
| 分册: | ||
| 出版信息: | 南京 南京大学出版社 2000.04 |
|
| 页数: | 599页 | |
| 开本: | 32开 | |
| 丛书名: | ||
| 单 册: | ||
| 中图分类: | A849 | |
| 科图分类: | ||
| 主题词: | 毛泽东著作--学习 , 毛泽东著作研究 | |
| 电子资源: | ||
| ISBN: | 7-305-03157-7 | |
| 000 | 00754nam0 2200229 45 | |
| 001 | 0009090986 | |
| 005 | 20000909093946.9 | |
| 010 | @a7-305-03157-7@d28.00元 | |
| 100 | @a20000909d2000 km y0chiy0120 ea | |
| 101 | 0 | @achi |
| 105 | @a z 000yy | |
| 200 | 1 | @a马克思主义实践论与邓小平理论的哲学基础@AMa Ke Si Zhu Yi Shi Jian Lun Yu Deng Xiao Ping Li Lun De Zhe Xue Ji Chu@f胡福明,陆剑杰,张一兵主编@FHu Fu Ming,Lu Jian Jie,Zhang Yi Bing Zhu Bian |
| 210 | @a南京@c南京大学出版社@d2000.04 | |
| 215 | @a599页@d32开 | |
| 606 | 0 | @a毛泽东著作@x学习 |
| 606 | 0 | @a毛泽东著作研究 |
| 690 | @aA849@v3 | |
| 701 | 0 | @a胡福明@4主编 |
| 701 | 0 | @a陆剑杰@4主编 |
| 701 | 0 | @a张一兵@4主编 |
| 801 | @aCN@bPftUser@c20000909 | |
| 905 | @b130895-899@dA849@eH526@f5 | |
| 马克思主义实践论与邓小平理论的哲学基础/胡福明,陆剑杰,张一兵主编.-南京:南京大学出版社,2000.04 |
| 599页;32开 |
| ISBN 7-305-03157-7:28.00元 |
| ● |
| 相关链接 |
|
|
|
正题名:马克思主义实践论与邓小平理论的哲学基础
索取号:A849/H526
 
预约/预借
| 序号 | 登录号 | 条形码 | 馆藏地/架位号 | 状态 | 备注 |
| 1 | 130895 | 201308959 | 社科库509/509社科库 5排3列4层/ [索取号:A849/H526] | 在馆 | |
| 2 | 130896 | 201308968 | 社科库509/509社科库 5排3列4层/ [索取号:A849/H526] | 在馆 | |
| 3 | 130897 | 201308977 | 社科库509/509社科库 5排3列4层/ [索取号:A849/H526] | 在馆 | |
| 4 | 130898 | 201308986 | 法学院资料室/ [索取号:A849/H526] | 在馆 | |
| 5 | 130899 | 201308995 | 社科库509/509社科库 5排3列4层/ [索取号:A849/H526] | 在馆 |